| 000 | 00632nam a22001937a 4500 | ||
|---|---|---|---|
| 005 | 20251108165530.0 | ||
| 008 | 250721s1999 xx 000 0 ara d | ||
| 082 | 1 | 4 | _aم/910.3/زمخ |
| 100 | 1 | _aالزمخشري، أبو القاسم محمود بن عمر | |
| 245 | 1 | 0 | _aالأمكنه و الجبال و المياه / |
| 264 | 1 |
_aعمان : _bدار عمار، _c1999. |
|
| 300 | _a265ص | ||
| 650 | 1 | 7 | _aالجغرافيا |
| 650 | 1 | 7 | _aالمعاجم الجغرافيه |
| 650 | 1 | 7 | _aالجغرافيا الطبيعيه |
| 700 | 1 |
_aالسامرئي، إبراهيم _eمحقق |
|
| 942 |
_2ddc _cREF |
||
| 999 |
_c30116 _d30116 |
||